[Event "Moscow Aeroflot op"]
[Site "Moscow"]
[Date "2002.02.05"]
[Round "2"]
[White "Shchekachev, Andrei"]
[Black "Vokarev, Sergey"]
[Result "1-0"]
[WhiteElo "2573"]
[BlackElo "2507"]
[Annotator "Tsesarsky,I"]
[PlyCount "75"]
[EventDate "2002.02.04"]
[EventType "swiss"]
[EventRounds "9"]
[EventCountry "RUS"]
[SourceTitle "CBM 088"]
[Source "ChessBase"]
[SourceDate "2002.03.21"]
[SourceVersion "1"]
[SourceVersionDate "2002.03.21"]
[SourceQuality "1"]

1. Nf3 Nf6 2. c4 g6 3. Nc3 Bg7 4. e4 c5 5. d4 cxd4 6. Nxd4 Nc6 7. Be3 Ng4 8.
Qxg4 Nxd4 9. Qd1 Ne6 10. Rc1 Qa5 11. Be2 b6 12. O-O Bb7 13. f3 g5 $6 {This
variation certainly can't be recommended. Black strategy plan is dubious: His
K had to stay in the centre and will be vulnerable.} 14. Rf2 Be5 (14... d6 15.
Bf1 O-O $6 {Not in spirit of this variation.} 16. Nd5 Bxd5 17. exd5 Nf4 18. g3
Ng6 19. Bxg5 $16 {1/2-1/2 Bolehradski,J-Lehmann,H/Budapest 1995/EXT 97 (34)}) (
14... Qe5 15. Bf1 Rd8 16. b4 (16. Nd5 Qb8 17. b4 Be5 18. g3 h5 19. f4 $5 (19.
c5 h4 20. g4 $14) 19... gxf4 20. gxf4 Bxd5 21. exd5 (21. Qxd5 $2 Nxf4 22. Bxf4
Bxf4 23. Qf5 e5 $44 {1/2-1/2 Van Beek,G-Muhren,W/Hengelo 1999/EXT 2000 (25)})
21... Nxf4 22. Qf3 Rg8+ 23. Kh1 Rg4 24. c5 $18 {[%csl Rf4,Rf7][%cal Gc1c4,
Gf2f7]}) 16... O-O 17. Nd5 Rfe8 18. Qa4 Qb8 19. Rd2 $14 {1-0 Koglin,A-Ankerst,
M/Germany 1995/EXT 99 (40)}) ({More popular is} 14... h5 15. Bf1 Qe5 16. Rd2 (
16. Qd2 h4 17. Rd1 Bc6 18. Nd5 Bxd5 19. Qxd5 $14 {1-0 Shchekachev,A-Ljubojevic,
L/Antwerp 1997/CBM 59 ext (63)}) (16. Nd5 Rc8 17. Rd2 Qb8 18. Qa4 Be5 19. g3 h4
20. Qa3 Rc5 21. b4 Rc8 22. g4 f6 23. c5 $14 {1-0 Volzhin,A-Fluvia Poyatos,J/
Barbera 1999/EXT 2001 (47)}) 16... d6 17. Nd5 Kf8 18. b4 Bh6 19. Qb3 (19. c5
bxc5 20. bxc5 dxc5 21. Nxe7 $1 (21. Rxc5 $6 Nxc5 22. Bxc5 Bxd5 23. Bd4 Qc7 24.
Bxh8 Be6 25. Rc2 Rd8 26. Rxc7 Rxd1 27. Bc3 (27. Rxa7 f6 {[%csl Rh8]}) 27... g4
28. Kf2 Rc1 $132 {0-1 Ramesh,R-Konguvel,P/Nagpur 1999/CBM 69 ext (72)}) 21...
Kxe7 (21... g4 22. Bxh6+ Rxh6 23. Rd7 $18) 22. Rd7+ Kf6 23. Rxb7 g4 24. Bxh6
Rxh6 25. Rd7 $16 {[%csl Rf6][%cal Gd7d5]}) 19... g4 20. Bxh6+ Rxh6 21. Qe3 Qg7
22. f4 $16 {1/2-1/2 Short,N-Larsen,B/Hastings 1987/EXT 99 (42)}) 15. a3 {
Simple and good move.} (15. g3 $6 h5 16. Bf1 (16. Nd5 $6 Bxb2 17. Rb1 Qa3 18.
Bf1 Bxd5 (18... Be5 $44) 19. Qxd5 Nc7 20. Qd2 Bc3 21. Qd3 Bb4 $44 {1-0
Ikonnikov,D-Vokarev,S/Perm 1993/CBM 38 (33)}) 16... h4 17. g4 (17. Kg2 $2 hxg3
18. hxg3 Bxg3 19. Kxg3 Qe5+ $19) 17... Nf4 {[%csl Ge5,Gf4,Gg5]} 18. a3 $14 {
[%csl Ra5,Re8]}) (15. Bf1 Bf4 16. Bxf4 Nxf4 17. Nd5 Qc5 18. b4 Qd6 19. c5 bxc5
20. bxc5 Qe5 21. Rd2 $16 (21. Ne3 $14 {1/2-1/2 Sharif,M-Birmingham,E/Val
Thorens 1988/EXT 97 (21)})) 15... Bc6 16. Bf1 Qa6 ({Or} 16... h5 17. Nd5 $16)
17. c5 $1 {White immediately uses opening centre possibility.} Qb7 18. cxb6
axb6 19. Nd5 {[%csl Rb6]} b5 (19... Bf4 20. Bc4 $16 {[%cal Gd1b3]}) 20. g3 {
[%csl Re8][%cal Gf3f4]} Rg8 ({or} 20... h5 21. f4 gxf4 22. gxf4 Rg8+ 23. Bg2
$16 {-see below.}) 21. Bg2 Bb8 (21... h5 22. f4 gxf4 23. gxf4 Bb8 24. Qxh5 $16)
22. Rd2 h5 23. Bh3 $1 ({Not badly also} 23. Qb3 Ba7 24. Bxa7 Qxa7+ 25. Kh1 Qa5
26. Nb4 h4 27. g4 Nf4 28. Rdc2 Qa4 29. Qc3 $16) 23... h4 24. Bf2 hxg3 25. hxg3
Ba7 $2 $18 ({More stubborn looks} 25... Rh8 26. Bxe6 ({interesting is also} 26.
Kg2 b4 (26... Bf4 $2 27. gxf4 Bxd5 28. Bxe6 Bxe6 29. f5 Ba2 30. b3 $18 {
[%csl Ra2]}) 27. Nxb4 (27. Nb6 Bxg3 28. Bxe6 (28. Kxg3 Qb8+ $19) 28... fxe6 (
28... Bxf2 29. Bxd7+ Bxd7 30. Nxa8 Bh3+ 31. Kxf2 Qa7+ 32. Kg3 Qxa8 33. Rc7 $18)
29. Nxa8 Bxf2 30. Rxf2 Qb8 31. Kg1 bxa3 32. bxa3 Qxa8 33. Qd4 Rg8 34. Rc3 $16)
27... Bf4 28. Bxe6 Bxd2 29. Qxd2 fxe6 30. Nxc6 dxc6 31. Qc3 (31. Qxg5 Qxb2 32.
Rxc6 Kf7 33. Rc7 Qxa3 34. e5 Rh7 35. Qf6+ Kg8 36. Qxe6+ Kh8 37. Rc8+ Rxc8 38.
Qxc8+ Kg7 $14) 31... Kf7 32. Rc2 Rac8 33. b4 $16) 26... fxe6 27. Nb4 Be5 28.
Nxc6 dxc6 29. Qb3 {[%csl Re6][%cal Gb3e6]} (29. Qc2 b4 30. axb4 Qxb4 31. Qxc6+
Kf7 32. Qd7 Rad8 33. Qxd8 Rxd8 34. Rxd8 Bxg3 35. Rc2 Bd6 $44) 29... Kf7 30. Rc5
Qc7 31. Kg2 Rh7 32. Qc2 Rah8 33. Rxc6 $16) 26. Bxa7 Qxa7+ 27. Kg2 {Black
opening strategy is crashed, White caught serious advantage.} Qb7 28. Bxe6 $1 {
This move looks very strong, White wins without any difficulties.} ({Or} 28.
Qb3 $6 Nd8 29. Nb4 $16) 28... fxe6 (28... dxe6 29. Nb4 Bd7 30. Nd3 Qb8 31. Nc5
Bc6 32. Nxe6 $18) 29. Nb4 Rh8 (29... g4 30. Nxc6 dxc6 (30... gxf3+ 31. Qxf3
dxc6 32. Qh5+ $18) 31. Qh1 gxf3+ 32. Kxf3 $18 {[%csl Re8][%cal Gh1h5]}) 30.
Nxc6 dxc6 31. Qc2 {[%csl Rc6][%cal Gc1c6]} Kf7 (31... Rc8 32. Qc5 $18 {[%csl
Rg5][%cal Gc5g5]}) 32. Qc5 (32. Qxc6 $2 Qxc6 33. Rxc6 Rad8 34. Rxd8 Rxd8 35.
Rc2 $16) 32... Rag8 (32... Rh6 33. Qxg5 Rah8 34. Qf4+ Kg6 (34... Rf6 35. Qe5
Rfh6 36. g4 $18) 35. g4 $18 {[%cal Gf4h2]}) 33. Rcd1 Qc8 34. Rd7 Qf8 35. Rc7 {
[%csl Re7][%cal Gd1d7]} Rh7 (35... Rg6 36. Rdd7 $18) 36. Rdd7 Kf6 37. Rxc6 Rg6
38. Rc8 1-0

[Event "Linares Anibal op 04th"]
[Site "Linares"]
[Date "1997.??.??"]
[Round "2"]
[White "Wojtkiewicz, Aleksander"]
[Black "Maharramzade, Javad"]
[Result "0-1"]
[WhiteElo "2565"]
[BlackElo "2430"]
[Annotator "Tsesarsky,I"]
[PlyCount "74"]
[EventDate "1997.02.??"]
[EventType "swiss"]
[EventRounds "10"]
[EventCountry "ESP"]
[SourceTitle "CBM 058"]
[Source "ChessBase"]
[SourceDate "1997.06.01"]
[SourceVersion "1"]
[SourceVersionDate "1997.06.01"]
[SourceQuality "1"]

1. Nf3 c5 2. c4 Nc6 3. d4 cxd4 4. Nxd4 g6 5. e4 Bg7 6. Be3 Nf6 7. Nc3 Ng4 8.
Qxg4 Nxd4 9. Qd1 Ne6 10. Rc1 Qa5 11. Qd2 d6 12. Bd3 (12. b3) 12... g5 (12...
Bd7 13. O-O Bc6 (13... Nc5 14. Bb1 Bc6 15. Bd4 O-O 16. Bxg7 Kxg7 17. Rfe1 Rad8
18. Re3 Ne6 19. Rg3 f6 20. a3 b6 21. Rd1 Rfe8 22. f4 Qc5+ 23. Kh1 a5 24. Nd5
Bb7 25. f5 Nf8 26. b4 axb4 27. axb4 Qxc4 28. Rc1 Bxd5 29. Rxc4 Bxc4 $14 {
Westerinen,H-Hurme,H/Helsinki 1983/1/2-1/2 (71)}) 14. Rfe1 (14. f3 g5 15. b3 h5
16. Nd5 (16. Rfd1) 16... Qxd2 17. Bxd2 Be5 18. Be3 (18. g3 h4 19. Kg2 $14 {
[%cal Gf3f4]}) 18... h4 19. b4 f6 $138 {1/2-1/2 Daamen Ferry-Seres Lajos/It 
(cat.2) Budapest (Hungary) 1996 (29)}) 14... O-O 15. Bh6 $6 (15. Nd5 Qd8 (15...
Qxd2 16. Nxe7+ Kh8 17. Bxd2 Nc5 18. Bc2 Bxb2 19. Rb1 Bf6 20. Nxc6 bxc6 21. Bb4
(21. Bf4 Rfd8 22. Red1 Be5 23. Be3 $14) 21... a5 (21... Rfb8 22. e5 Be7 (22...
Rxb4 23. Rxb4 Bxe5 24. Reb1 $18) 23. Bxc5 dxc5 24. Red1 (24. Be4 Rb6 25. a4
Rab8 26. Rxb6 Rxb6 27. Rd1 Rb4 28. Bxc6 Rxc4 29. Bd5 Rxa4 30. Bxf7 $11) 24...
Kg7 25. f4 Rxb1 26. Rxb1 Rd8 27. Rb7 Rd2 28. Be4 (28. Rxe7 Rxc2 29. Rxa7 Rxc4
30. g3 $1 $16 (30. e6 Rxf4 31. e7 (31. Rxf7+ Rxf7 32. exf7 Kxf7 33. Kf2 Ke6 34.
Ke3 Kd5 35. Kd3 c4+ 36. Kc3 Kc5 37. g4 g5 38. a4 h6 39. h3 Kd5 40. a5 Kc5 $19)
(31. a4 c4) 31... Re4 32. a4 c4 33. a5 c3 34. Rc7 c2 35. Rxc6 Rxe7 36. Rxc2
Re1+ 37. Kf2 Ra1 $11)) 28... Bd8 29. Rxa7 Rd4 30. Bxc6 Rxf4 (30... Rxc4 31.
Rxf7+ (31. e6 Kf6 (31... Rxf4 32. e7 Bb6 33. Rb7 $18) 32. exf7 Be7 33. Bd5 Rxf4
34. a4 Rd4 35. Ra6+ Kg7 36. Be6 $16) 31... Kxf7 32. Bd5+ Ke7 33. Bxc4 $18) 31.
Bd5 $18) 22. Bxc5 dxc5 23. Ba4 $16) 16. b4 $14) 15... Qe5 $6 (15... Bxh6 16.
Qxh6 Rac8 $11) 16. Bxg7 Qxg7 17. Rcd1 Nc5 18. Bf1 (18. Bc2 $14) 18... a5 19.
Re3 Kh8 20. Rde1 Rad8 21. h4 e5 22. h5 f5 23. hxg6 f4 24. Rh3 Qxg6 25. f3 Ne6
26. Qf2 Rg8 27. Rd1 Qf7 28. Rh6 Ng5 29. b3 Rg6 30. Rh2 Qf6 31. Rd3 Rh6 32. Rxh6
Qxh6 33. Qb6 Rg8 34. Kf2 Qh4+ 35. Ke2 Ne6 36. Rxd6 (36. Nb5 Bxb5 37. cxb5 Nd4+
38. Rxd4 exd4 39. Qxd4+ Rg7 40. Qxd6 $14) 36... Qe7 37. Rd2 $14 {Nogueiras,
J-Kortschnoj,V/Montpellier ct 1985/0-1 (60)}) 13. O-O (13. b3 Bd7 14. Nd5 Qxd2+
15. Bxd2 $14) (13. h4 $5 g4 14. h5 $5 Bd7 15. Bb1 (15. b3 $14 {[%cal Gc3d5]})
15... Bc6 16. b3 Qe5 $5 17. Nd5 b6 18. Qd1 $6 (18. Qe2 $1 g3 19. f4 Qb2 20.
Qxb2 Bxb2 21. Rd1 Rc8 22. Rh3 Rg8 23. Ke2 (23. e5 $2 dxe5 24. Bxh7 Rh8 25. Bf5
Bxd5 26. Rxd5 (26. cxd5 Rc3 27. dxe6 Rxe3+ 28. Kd2 exf4 $17) 26... exf4 27.
Bxf4 Nxf4 28. Bxc8 e6 $1 29. Rg5 Nxh3 30. gxh3 Bf6 $19) 23... Bd7 {[%csl Rh3]}
24. f5 Nc7 25. Nf4 (25. Kf3 {[%csl Rg3]} Nxd5 26. exd5 Be5 27. Bf4 b5 28. Bd3
bxc4 29. bxc4 Ba4 30. Rb1 Bxf4 31. Kxf4 $16) 25... e5 26. Nd5 Nxd5 27. Rxd5 Ke7
28. Kf3 Bc6 29. Rd1 $16 {[%csl Rg3]}) (18. h6 Bf6 19. Nxf6+ Qxf6 20. Qe2 (20.
Qc3 Qxc3+ 21. Rxc3 Nc5 22. f3 a5 $14) 20... g3 21. fxg3 Qg6 $44) 18... g3 19.
f4 Qb2 20. Qd2 Rc8 21. Rh3 Qxd2+ 22. Kxd2 Rg8 $132 {1/2-1/2 Vuksanovic,
S-Nikolin,Z/JUG-chW Split 1989 (40)}) 13... Bd7 14. Bb1 (14. b3 Bc6 15. Nd5
Qxd2 16. Bxd2 $11) 14... Qe5 15. b4 h5 16. Nd5 $16 Kf8 (16... h4 17. f3 Bc6 18.
b5 Bxd5 (18... Bd7 19. Bxg5 $1 Qxg5 20. Qxg5 Nxg5 21. Nc7+ Kd8 22. Nxa8 Bd4+
23. Kh1 Kc8 24. c5 $1 (24. f4 $2 Ne6 25. f5 (25. Rcd1 Bc5 26. f5 Nd4 27. Rd2
Kb8 28. Rfd1 e5 29. fxe6 Nxe6 30. e5 Kxa8 31. exd6 Nf4 32. Rf1 Be3 $132) (25.
c5 Bxc5 26. b6 Kb8 27. Nc7 Nxc7 28. bxc7+ Kxc7 $132) 25... Nd8 (25... Nc5 26.
b6 Kb8 27. Nc7 $18) 26. Rcd1 (26. c5 dxc5 27. Rfd1 Kb8 28. Nc7 Be3 29. Rc3 Bd4
(29... Kxc7 30. Rxe3 $18) 30. Rc4 e5 31. fxe6 fxe6 32. a4 (32. Rdxd4 cxd4 33.
a4 Nf7 $17) 32... Rf8 33. b6 (33. a5 Kxc7 $19) (33. h3 Nf7 34. a5 Ne5 35. Rc2
Nd3 36. Rxd3 Rf1+ 37. Kh2 Rxb1 (37... Bg1+ 38. Kh1 Bd4+ $11) 38. g4 Bg1+ 39.
Kg2 Kxc7 $19) 33... axb6 34. Nb5 e5 $132) 26... Bc5 27. e5 (27. f6 e5 $44)
27... Kb8 28. f6 exf6 29. exd6 Kxa8 30. Rxf6 Re8 31. Bf5 Bxf5 32. Rxf5 Bxd6 33.
g4 $14) 24... Bxc5 25. b6 Kb8 26. Nc7 Bxb6 27. Nd5 $16) 19. cxd5 Nc5 20. Bxg5
$18) 17. Rfd1 Ba4 (17... b6) 18. Bc2 Bc6 (18... Bxc2 19. Qxc2 $16) 19. f3 $6 (
19. b5 $1 Bd7 (19... Bxd5 20. cxd5 Nf4 21. Bb1 $1 $16 {[%cal Gc1c7]}) 20. Qa5
$1 a6 (20... Nf4 21. Bxf4 gxf4 22. Nb6 Rd8 23. Nxd7+ Rxd7 24. Qxa7 Bf6 25. c5
$18) 21. Nb6 Rd8 22. Rd5 Qc3 (22... Qb2 23. Nxd7+ Rxd7 24. bxa6 b6 (24... bxa6
25. Rb1 $18) 25. Qxb6 $18)) 19... h4 20. Bb3 $6 (20. h3 b6 21. a4 Rc8 22. a5
bxa5 23. b5 $16) 20... g4 $5 $132 21. b5 (21. Qe2 h3 22. g3 gxf3 23. Qxf3 Ng5
24. Bxg5 Qxg5 25. Nc7 $1 $18 {[%csl Ra8,Re6]} Bd4+ 26. Rxd4 $1 (26. Kh1 Qf6 $1)
26... Qxc1+ 27. Rd1 Qb2 28. Nxa8 $18) 21... Bxd5 22. cxd5 $2 (22. Qxd5 Qxd5 (
22... Nc5 23. Bxc5 Qxd5 (23... dxc5 24. Qd8+ Rxd8 25. Rxd8#) 24. cxd5 dxc5 25.
Rxc5 $16) 23. cxd5 Nc5 24. Bxc5 dxc5 25. Rxc5 $16) 22... Nc5 23. f4 $5 (23.
Bxc5 dxc5 24. Rxc5 gxf3 25. Qc2 Bh6 26. Rc8+ Kg7 27. Rxa8 Be3+ 28. Kh1 Rxa8 29.
gxf3 Rg8 30. d6 Qf4 31. Qg2+ Kh7 32. Qh3 exd6 $11) 23... Qxe4 $132 24. Rxc5 $5
(24. Rc4 Nxb3 (24... Qf5 25. Bxc5 dxc5 26. Rxc5 $14) 25. axb3 Qf5 26. Rc7 b6
27. Bd4 Bxd4+ 28. Qxd4 Rh5 29. Qc4 $44) (24. Bc2 $5 Qc4 $8 25. Bf5 Qxb5 26.
Bxg4 $132) 24... dxc5 25. Bxc5 b6 $2 (25... h3 26. d6 (26. Re1 Qxg2+ 27. Qxg2
hxg2 28. Bxe7+ Kg8 29. Kxg2) 26... exd6 27. Bxd6+ Kg8 28. Bd5 Qf5 29. Bxb7 Rd8
$17) 26. Ba3 $4 (26. Re1 $1 Qxe1+ 27. Qxe1 bxc5 $13) 26... Rd8 $19 (26... h3
$19) 27. Bc2 (27. d6 exd6 28. Bc2 Qc4 $19) 27... Qc4 28. Qe3 (28. d6 exd6 29.
Bf5 g3 $19) 28... Bf6 29. Bb3 Qxb5 30. d6 exd6 (30... e6 $19) 31. Rd5 Qe8 (
31... Re8 32. Bxd6+ Kg7 33. Be5 Qc6 $19) 32. Qd2 Rh6 33. Rf5 Qe4 34. Rd5 Re8
35. Rxd6 (35. Bxd6+ Kg7 $19) 35... Kg7 36. Rd3 Rg6 37. Bd5 Qe1+ 0-1

[Event "Abu Dhabi op 13th"]
[Site "Abu Dhabi"]
[Date "2003.08.25"]
[Round "9"]
[White "Rahman, Ziaur"]
[Black "Abdelnabbi, Imed"]
[Result "0-1"]
[WhiteElo "2521"]
[BlackElo "2455"]
[Annotator "Tsesarsky,I"]
[PlyCount "64"]
[EventDate "2003.08.16"]
[EventType "swiss"]
[EventRounds "9"]
[EventCountry "UAE"]
[SourceTitle "CBM 097"]
[Source "ChessBase"]
[SourceDate "2003.11.11"]
[SourceVersion "1"]
[SourceVersionDate "2003.11.11"]
[SourceQuality "1"]

1. Nf3 c5 2. c4 g6 3. d4 Bg7 4. e4 cxd4 5. Nxd4 Nc6 6. Be3 Nf6 7. Nc3 Ng4 8.
Qxg4 Nxd4 9. Qd1 Ne6 10. Bd3 (10. f4 Qa5 (10... Bxc3+ 11. bxc3 Qc7 12. Qd2 b6
13. Bd3 Nc5 14. Bd4 Rg8 15. O-O Nxd3 16. Qxd3 Ba6 17. Qh3 h5 18. f5 Bxc4 19.
Rf2 $44 {[%csl Re8] 1/2-1/2 Kovalenko,V-Ryzhov,V/Kiev 2000/EXT 2001 (42)}) 11.
Rc1 d6 12. Bd3 Nc5 13. Bb1 Be6 14. Bd4 Bg4 15. Qd2 e5 16. Be3 exf4 17. Bxf4 Be6
18. b3 Rd8 19. O-O O-O 20. Bg5 f6 21. Bf4 Rf7 22. Kh1 $16 {1-0 Borriss,
M-Michalski,K/GER 1999/EXT 2003 (41)}) (10. f3 Qa5 11. Qd2 b6 12. Be2 Bb7 13.
O-O g5 14. Rad1 d6 15. c5 $1 (15. Nd5 Qxd2 16. Rxd2 Rc8 17. b3 h5 18. a4 h4
$132 {1/2-1/2 Van Eijk,S-Van Kerkhof,D/Hengelo 2000/EXT 2001 (25)}) 15... bxc5
16. Bb5+ Kf8 17. Bc4 Be5 18. Bxe6 fxe6 19. Bxg5 $14) 10... Bxc3+ (10... O-O 11.
Qc2 d6 12. Rd1 Bd7 13. O-O b6 14. Qd2 Re8 15. Bc2 Bc6 16. b3 Qd7 17. Nd5 $14 {
1-0 Manujlovich,I-Smirnov,A/St Petersburg 1997/EXT 2000 (35)}) (10... d6 11.
O-O O-O (11... Nc5 12. Rc1 Nxd3 13. Qxd3 O-O 14. b4 Be6 15. Nd5 Qd7 16. Rfd1
$14 {1-0 Glatt,G-Lehmann,H/Budapest 1981/EXT 98 (31)}) 12. Rc1 Bd7 13. Qd2 Nc5
14. Bb1 a5 15. f4 b6 16. Bd4 (16. f5 $36) 16... Bc6 17. Rcd1 a4 18. Qe3 Ra5 19.
e5 $16 {1-0 Orev,P-Kraidman,Y/Saint Vincent 2001/CBM 84 ext (29)}) 11. bxc3 Qa5
({Black also tried} 11... Qc7 12. O-O b6 13. f4 Bb7 14. a4 Nc5 15. Bd4 Rg8 16.
Qe2 Rc8 17. f5 Nxd3 18. Qxd3 gxf5 19. Rxf5 Qxc4 20. Qe3 Rc6 $15 {0-1 Kokkila,
T-Hokkanen,P/FIN 1994/EXT 98 (26)}) (11... b6 12. O-O (12. Bh6 Qc7 13. O-O Qe5
14. Qd2 g5 15. h4 gxh4 16. Be3 h3 $17 {0-1 Czarnota,D-Zawadzka,J/Wisla 1999/
EXT 2003 (61)}) 12... Nc5 13. Bd4 O-O 14. f4 Bb7 15. Qe2 Nxd3 16. Qxd3 f6 17.
Rae1 Rc8 18. f5 e5 19. Be3 (19. fxe6 dxe6 20. e5 f5 $15) 19... g5 20. c5 $1
bxc5 21. c4 $14 Qc7 22. h4 h6 23. hxg5 hxg5 24. Kf2 Kg7 25. Rd1 d6 26. Rh1 Rcd8
27. Bxg5 fxg5 28. Qg3 Qe7 29. Rh5 Rh8 (29... Rg8 30. Qh3 Rh8 31. Rh1 Rxh5 32.
Qxh5 Rg8 33. Qh7+ Kf8 34. Qxe7+ Kxe7 35. Rh7+ $16) 30. Rxg5+ Kf8 31. Rh1 Qf6
32. Rg6 {1-0 Majzlan,I-Zavarsky,J/Sala 1994/EXT 97 (32)}) (11... O-O 12. Bh6 (
12. f4 $14) 12... Re8 13. h4 Qa5 14. Qd2 d6 15. h5 Nd8 16. hxg6 fxg6 17. f3 (
17. Be3 $16) 17... Nf7 18. Be3 Bd7 19. g4 (19. Rb1 Bc6) 19... e5 20. Rc1 $16 {
[%csl Gc3][%cal Gd2h2]} (20. Qh2 Qxc3+ 21. Ke2 Qb2+ 22. Bd2 h6 $132 {0-1
Kolodin,V-Baryshpolets,A/Kiev 2002/EXT 2003 (38)})) 12. O-O (12. Qd2 d6 13. O-O
g5 14. Rab1 f6 15. c5 Nxc5 16. Bb5+ Nd7 17. f4 gxf4 18. Bxf4 a6 19. Be2 Ne5 20.
Kh1 $44 {0-1 Schuele,H-Lang,Z/Bayern 1995/EXT 99 (37)}) 12... Qxc3 {Other
continuations are worse:} (12... b6 13. Bd4 Nxd4 14. cxd4 Ba6 15. Rc1 $16 {
0-1 Kalka,A-Boros,L/Copenhagen 1991/EXT 97 (45)}) (12... g5 13. Qd2 b6 14. Rab1
Ba6 15. c5 Nxc5 16. Bxa6 Nxa6 17. Bxg5 Rg8 18. Bh4 $14 {1-0 Bologan,V-Garcia
Padron,J/Las Palmas 1993/CBM 39 ext (56)}) 13. Rc1 ({Interesting is trying to
organize position opening in advance:} 13. c5 $1 Nxc5 (13... b6 14. cxb6 axb6
15. Bxb6 O-O 16. a4 Ba6 $14) 14. Bb5 $1 {[%csl Rc3,Rc5,Rh8][%cal Ga1c1,Ge3d4]}
b6 15. Bd4 Qa5 16. Bxd7+ Bxd7 17. Bxh8 $14) 13... Qa3 14. Qd2 ({Again} 14. c5
$1 {was quite strong:} Qxa2 15. f4 $40 {[%csl Gd3,Ge3,Re8]}) 14... b6 15. f4
$44 ({Interesting is} 15. c5 Nxc5 (15... bxc5 16. Bc4 Ba6 17. Bxe6 fxe6 18.
Bxc5 Qa4 19. Rfd1 $16) 16. Bc4 (16. Rc3 Qa4 17. Bxc5 bxc5 18. Rxc5 O-O 19. Rfc1
d6 20. Rc7 Be6 21. Rxe7 a5 $132) 16... Bb7 17. Rc3 Qb4 18. Qd4 {[%csl Rb4,Rh8]
[%cal Rc4f7]} O-O-O 19. Rfc1 Kb8 20. Qe5+ d6 21. Qxe7 $14) 15... Bb7 (15... Ba6
$44) 16. Bb1 ({And again worth of attention} 16. c5 $5 O-O (16... bxc5 17. f5
gxf5 18. exf5 Nd4 19. Rc3 Qa4 20. Qb2 Bc6 21. Rb1 $16) 17. Rc3 Qa5 18. Rb1 Bc6
19. cxb6 axb6 20. Rxb6 Qxa2 21. Rb2 Qa1+ 22. Rb1 Qa2 23. Qe1 $44) 16... d6 17.
Rf3 Qa4 18. Qb2 (18. Rh3 h5 $15) 18... f6 19. Rg3 Qc6 20. e5 {[%csl Gb1,Ge3,
Re8] Trying to open the position for pair of BB} (20. f5 Nf8 21. Bd4 Nd7 $15)
20... dxe5 21. f5 Nf4 22. c5 b5 23. Bxf4 (23. fxg6 Nxg6 24. Qe2 $44) 23... exf4
24. Rb3 (24. Rg4 g5 $17) 24... Rd8 25. Rxb5 $6 $15 (25. a4 $142 $5 $132) (25.
fxg6 $142 Qe6 26. Rh3 f3 $132) 25... Ba6 26. Rb4 $2 $17 {Tactical blunder.} ({
Much better is} 26. Rb8 O-O (26... Kf7 27. Qb3+ e6 28. fxe6+ Qxe6 29. Rb4 $44)
27. Qb3+ Kg7 28. Rb4 Rd5 $15) 26... Qxc5+ $1 {Of course!} 27. Kh1 Qd6 28. Qb3
Kf8 29. Re4 gxf5 30. Re6 $2 $19 ({More stubborn was} 30. Ree1 Rg8 31. Bxf5 Rb8
32. Qh3 Bb7 33. Rc2 f3 $17) 30... Qd2 31. Rce1 (31. Rg1 Bc8 32. Ree1 e5 $19)
31... Rg8 32. Qf3 Bc4 0-1

[Event "RUS-ch"]
[Site "Elista"]
[Date "1996.??.??"]
[Round "4"]
[White "Korneev, Oleg"]
[Black "Vokarev, Sergey"]
[Result "1-0"]
[WhiteElo "2565"]
[BlackElo "2310"]
[Annotator "Tsesarsky,I"]
[PlyCount "77"]
[EventDate "1996.10.15"]
[EventType "swiss"]
[EventRounds "11"]
[EventCountry "RUS"]
[SourceTitle "CBM 056"]
[Source "ChessBase"]
[SourceDate "1997.02.01"]
[SourceVersion "1"]
[SourceVersionDate "1997.02.01"]
[SourceQuality "1"]

1. e4 c5 2. Nf3 Nc6 3. d4 cxd4 4. Nxd4 g6 5. c4 Bg7 6. Be3 Nf6 7. Nc3 Ng4 8.
Qxg4 Nxd4 9. Qd1 Ne6 10. Rc1 Qa5 11. Bd3 d6 (11... b6 12. O-O g5 13. Bb1 (13.
Nd5 $1 Bb7 (13... Bxb2 14. Rb1 Be5 15. Rb5 Qxa2 16. Nxe7 Bxh2+ 17. Kxh2 Kxe7
18. Bxg5+ Nxg5 19. Rxg5 d6 20. e5 $16) 14. a4 Bc6 (14... Bxb2 $2 15. Rb1 Be5
16. Rb5 Qa6 17. Nb4 $18) 15. b3 $14 h5 $4 (15... Rc8) 16. Bd2 $18 Qa6 17. Bxg5
f6 18. Be3 {1-0 Razuvaev,Y-Ermenkov,E/Polanica Zdrój 1972 (26)}) 13... Ba6 14.
Nd5 (14. Qd5 Qxd5 15. exd5 Nf4 16. Bxf4 gxf4 17. b3 $14 {Tsesarsky}) 14... Bxb2
15. Bd2 $8 Qc5 $8 16. Bb4 Qd4 $8 17. Qa4 (17. Rc2 $5) 17... Bb7 18. Rcd1 Bxd5 (
18... Bc6 19. Qb3 Qe5 (19... Qg7 20. Nxe7 $16) 20. Bxe7 $16) 19. Rxd4 (19. cxd5
Nc5 20. Qb5 Qe5 21. Bxc5 bxc5 22. Qxc5 O-O $32 {[%csl Rg8] +/=}) 19... Bc6 20.
Qc2 Bxd4 $44 21. Rd1 Bc5 22. Qb2 O-O-O 23. Bc2 Kb7 24. a4 Ka8 25. e5 Rb8 26.
Rd5 Nf4 27. Be4 $2 (27. Rd1) 27... e6 $19 {0-1 Mohr,G-Greenfeld,A/Vidmar-mem
1989 (45)}) 12. Bb1 (12. O-O Nc5 (12... Bd7 13. f4 (13. Bd2 h5 14. Bb1 Qc5 15.
b3 Bh6 16. Nd5 Qd4 17. Bc3 Qxd1 18. Rcxd1 Rg8 19. e5 dxe5 20. Bxe5 Bg7 21. Bxg7
Rxg7 22. f4 $14 {1/2-1/2 Terentiev,V-Sadriev,O/URS-sf Voronez 1991 (48)}) 13...
Bc6 14. Bb1 O-O 15. f5 $1 Nc5 {[#]} 16. f6 $1 Bxf6 17. Rxf6 exf6 18. b4 $1 Qxb4
19. Qxd6 Na6 20. Qxf6 $18 Rfe8 (20... Rfd8 21. Bh6 $18) 21. Bd4 Kf8 22. a3 Qa5
23. Rf1 Qc7 24. Qg7+ {1-0 Filipenko,A-Kliukin,B/Biel op 1993 (Tsesarsky)}) 13.
Bb1 O-O 14. Nd5 Qd8 15. Qe2 b6 16. Rfd1 a5 17. f4 e6 18. Nc3 $14 {1/2-1/2 Prie,
E-Honfi,K/Paris op 1995 (66)}) 12... Bd7 13. O-O g5 {The Black King remains in
the center in this variation} 14. Bd2 $1 (14. Qd2 Rc8 15. b3 $14) 14... Qe5 (
14... Rc8 15. b3 $16) 15. b4 $1 {[%cal Gc3d5,Yd2c3]} h5 (15... a5 16. a3 axb4
17. axb4 Ra1 (17... Bc6 18. Nd5 Ra3 19. Bc3 Nd4 20. Qh5 Bxd5 21. Bxd4 Qxd4 22.
cxd5 O-O 23. Qxg5 $16 (23. e5 $2 h6 $11)) 18. Nd5 Ba4 19. Qh5 Nf4 20. Qf3 $1
$16 (20. Bxf4 gxf4 21. Qxe5 Bxe5 22. Bc2 Ra2 23. Bxa4+ Rxa4 $15)) 16. Nd5 Qb2 (
16... Rc8) 17. Re1 (17. Bxg5 $2 Nxg5 18. Nc7+ Kd8 19. Nxa8 Kc8 20. f4 Ne6 21.
f5 (21. b5 Kb8 $13) 21... Nd4 22. Rf2 (22. f6 Bh6 23. Rc2 Nxc2 24. Bxc2 Bg4 25.
Qd3 Kb8 26. fxe7 Kxa8 (26... Qxb4 $17) 27. Qxd6 Bg5 28. Rxf7 (28. Bd1 Qc3 29.
Ba4 Be2 30. e8=Q+ Rxe8 31. Bxe8 Qe3+ 32. Kh1 Bxf1 33. Bd7 Bxg2+ 34. Kxg2 Qe2+
35. Kh3 Qf3+ 36. Qg3 Qf1+ 37. Qg2 Qd3+ 38. Qg3 Qxd7+ $19) 28... Qc1+ 29. Bd1
Bxe7 30. Qxe7 Qxd1+ $19) 22... Qxb4 23. f6 Bh6 $1 24. Qe1 (24. fxe7 Bxc1 25.
Qxc1 Kb8 $17) 24... Qc5 25. Rd1 e5 $17) 17... g4 (17... Rc8 18. Re3 Bc6 19. Bc3
Bxc3 20. Rexc3 $16) 18. Rc2 Qe5 $2 (18... Qd4 19. Qe2 Qe5 20. Bc3 Qg5 21. Bxg7
Qxg7 22. Rd2 $16) (18... Qa3 19. Bc3 Bxc3 (19... Ba4 20. Bxg7 Bxc2 21. Qxc2 $18
) 20. Rxc3 $16) 19. Qc1 $1 $18 {[%csl Re5]} Rc8 (19... Qa1 20. e5 $1 Bxe5 21.
Rxe5 Qxe5 22. Bc3 Nd4 23. Nc7+ (23. Qd2 $18) 23... Kf8 24. Nxa8 $18) 20. Bc3
Nd4 21. Rd1 Qxe4 22. Bxd4 Bxd4 23. Re1 Qh7 24. Rxe7+ Kd8 25. Qg5 f6 $8 26. Qd2
(26. Qf4 Qd3 27. Rc1 Qa3 28. Rce1 $18) 26... Bxf2+ 27. Qxf2 Qg6 28. Rc1 $138 {
(?)} (28. Qxa7 Rc6 29. Qxb7 {Mate}) 28... Qg5 29. Rce1 Rxc4 30. Rxd7+ (30. Nxf6
) 30... Kxd7 31. Bf5+ Kc6 32. Qxa7 Re8 (32... Kxd5 33. Be6+ Kc6 34. Bxc4) 33.
Rd1 Qxf5 34. Qa4+ b5 35. Qa6+ Kd7 36. Qxb5+ Rc6 37. Nb6+ Ke6 38. Qxc6 Kf7 39.
Qd5+ 1-0